Thinking, fast and slow / (Record no. 4641)

000 -LEADER
fixed length control field nam a22 a 4500
003 - CONTROL NUMBER IDENTIFIER
control field AKMAL
005 - DATE AND TIME OF LATEST TRANSACTION
control field 20170726120451.0
008 - FIXED-LENGTH DATA ELEMENTS--GENERAL INFORMATION
fixed length control field 170726s2012 -uka e 001 0 eng d
020 ## - INTERNATIONAL STANDARD BOOK NUMBER
International Standard Book Number 9780141033570 (pbk.) :
Terms of availability RM54.90
040 ## - CATALOGING SOURCE
Original cataloging agency AKMAL
082 04 - DEWEY DECIMAL CLASSIFICATION NUMBER
Classification number 153.4 KAH
090 00 - LOCALLY ASSIGNED LC-TYPE CALL NUMBER (OCLC); LOCAL CALL NUMBER (RLIN)
Classification number (OCLC) (R) ; Classification number, CALL (RLIN) (NR) 153.4
Local cutter number (OCLC) ; Book number/undivided call number, CALL (RLIN) KAH
100 1# - MAIN ENTRY--PERSONAL NAME
Personal name Kahneman, Daniel,
Dates associated with a name 1934-
9 (RLIN) 8925
245 10 - TITLE STATEMENT
Title Thinking, fast and slow /
Statement of responsibility, etc. Daniel Kahneman
260 ## - PUBLICATION, DISTRIBUTION, ETC.
Place of publication, distribution, etc. London :
Name of publisher, distributor, etc. Penguin,
Date of publication, distribution, etc. 2012
300 ## - PHYSICAL DESCRIPTION
Extent 499p. :
Other physical details ill. ;
Dimensions 24cm.
500 ## - GENERAL NOTE
General note Originally published: New York: Farrar, Straus & Giroux; London: Allen Lane, 2011.
504 ## - BIBLIOGRAPHY, ETC. NOTE
Bibliography, etc. note Includes bibliographical references and index
650 10 - SUBJECT ADDED ENTRY--TOPICAL TERM
Topical term or geographic name entry element Thought and thinking
9 (RLIN) 913
650 20 - SUBJECT ADDED ENTRY--TOPICAL TERM
Topical term or geographic name entry element Decision making
9 (RLIN) 6395
650 20 - SUBJECT ADDED ENTRY--TOPICAL TERM
Topical term or geographic name entry element Intuition
9 (RLIN) 8926
650 20 - SUBJECT ADDED ENTRY--TOPICAL TERM
Topical term or geographic name entry element Cognition
9 (RLIN) 1102
650 20 - SUBJECT ADDED ENTRY--TOPICAL TERM
Topical term or geographic name entry element Judgement
9 (RLIN) 8927
942 ## - ADDED ENTRY ELEMENTS (KOHA)
Source of classification or shelving scheme
Koha item type Book
950 ## - LOCAL HOLDINGS (RLIN)
Permanent shelving location, LOC (RLIN) AKMAL
Holdings
Withdrawn status Lost status Source of classification or shelving scheme Damaged status Not for loan Collection code Home library Current library Shelving location Date acquired Inventory number Total Checkouts Full call number Barcode Date last seen Date last checked out Price effective from Koha item type
          NON-FICTION AKMAL Melaka AKMAL Melaka PINJAMAN 26.07.2017 100618 1 153.4 KAH 201707426 05.10.2017 17.09.2017 26.07.2017 Book
          NON-FICTION AKMAL Melaka AKMAL Melaka PINJAMAN 26.07.2017 100619   153.4 KAH 201707476 26.07.2017   26.07.2017 Book
Pusat Sumber Maklumat Dato' Haji Sarmin Md Hussin, Akademi Kastam Diraja Malaysia, Melaka
Tel: 06-2331106 | Faks: 06-2313787